| 000 | nkm a22 a 4500 | ||
|---|---|---|---|
| 999 |
_c208658 _d208658 |
||
| 003 | BLK | ||
| 005 | 20210212084153.0 | ||
| 008 | 180412b bul rap|r|||| r0| ||bulo| | ||
| 010 | _aKNG00046236000 | ||
| 020 | _a5-85050-168-1 | ||
| 040 | _aBLK | ||
| 041 |
_aRUS _cRUS |
||
| 080 |
_aЖивопис _b75 _x(456.31) _z75(456.31) |
||
| 100 | 1 |
_aПьетранджели, Карло _eпърви автор _9113730 |
|
| 139 |
_aПьетранджели, Карло _bП 95 |
||
| 245 | 1 | 0 |
_aВатикан _cКарло Пьетранджели. |
| 257 | _aRUS | ||
| 260 |
_aМосква _bСлово _c1998 |
||
| 300 |
_a608 с _bс цв. ил. _c31 см |
||
| 380 | _a7 | ||
| 490 | 1 | _aВеликие музеи мира | |
| 500 | _aБиогр. на художниците. - Библиогр. с. 589-595. - Именен показалец. - Тематичен показалец. | ||
| 650 | 4 |
_aМузеи - Ватикан _9308848 |
|
| 650 | 4 |
_aЖивопис - Ватикан _9351508 |
|
| 650 | 4 |
_aЖивопис - галерии, изложби, колекции и музеи _9254628 |
|
| 653 | _aВатикан | ||
| 653 | _aизобразително изкуство | ||
| 653 | _aживопис | ||
| 653 | _aмузеи | ||
| 653 | _aалбуми | ||
| 852 | _aЦб ІІ 27072 | ||
| 856 | 4 |
_qpdf _u |
|
| 856 | 4 |
_qpdf _u |
|
| 942 |
_cGRA _n0 _02 _s1 |
||
| 944 |
_aCR _c01.01.1999 _kИрена_Линкова |
||
| 944 |
_aED _c31.05.2012 |
||
| 999 | _d208658 | ||